A modern kor és a tradíció tanulmányok

Elmentve itt :
Bibliográfiai részletek
Szerző: Guénon, René
További közreműködők: Mikich András
Adatforrás:Philobibl
Dokumentumtípus: Könyv
Nyelv:magyar
Kulcsszavak:kultúrfilozófia
hagyomány
Megjelent: Máriabesnyő Attraktor 2023
LEADER 00443nam a2200145 c 4500
001 bibMOK08888068
005 20240409100731.6
008 240208s2023 hu f hun d
100 1 |a Guénon, René 
245 1 2 |a A modern kor és a tradíció  |b tanulmányok  |c René Guénon ; [... fordította Mikich András] 
260 |a Máriabesnyő  |b Attraktor  |c 2023 
300 |a 187, [2] p. 
695 |a kultúrfilozófia 
695 |a hagyomány 
700 1 |a Mikich András